000 01376nam2a22002411 4500
001 rc\626843
005 20250621231456.0
035 _a(NLR Aleph) 005971590
090 _a6940852
_c6940852
100 _a20031121d1986 |||y0rusy50 ca
101 0 _arus
102 _aRU
105 _ay |||||||||
200 1 _aОсвоение Сибири с древнейших времен до октября 1917 года
210 _d1986
_aБ. м.
215 _a173 с.
320 _aБиблиогр. в примеч. в конце докл.
461 0 _1001rc\626842
_12001#$aИсторический опыт освоения Сибири$eТез. докл. всесоюз. науч. конф. "Ист. опыт изуч. и освоения Сибири", Новосибирск, 14-16 окт. 1986 г.$f[Редкол.: Р.С. Васильевский (отв. ред.) и др.]$vВып. 1
_96940845
_cНовосибирск
_d1986-
_f[Редкол.: Р.С. Васильевский (отв. ред.) и др.]
_nБ. и.
_oТез. докл. всесоюз. науч. конф. "Ист. опыт изуч. и освоения Сибири", Новосибирск, 14-16 окт. 1986 г.
_tИсторический опыт освоения Сибири
_vВып. 1
801 0 _aRU
_bNLR
_gpsbo
801 1 _aRU
_bELAR
_2rusmarc
852 _aNLR
_j86-3/11799
942 _cBOOK
980 _aNB